[Event "Titled Tue 1st Jul Late"]
[Site "chess.com INT"]
[Date "2025.07.01"]
[Round "6"]
[White "Hansen, Eric"]
[Black "Risteski, Emil"]
[Result "1-0"]
[WhiteTitle "GM"]
[BlackTitle "IM"]
[WhiteElo "2609"]
[BlackElo "2374"]
[WhiteFideId "2606771"]
[BlackFideId "15005267"]
[EventDate "2025.07.01"]

1. e4 d6 2. d4 Nf6 3. Nc3 e5 4. Nf3 Nbd7 5. h3 c6 6. a4 Be7 7. g4 O-O 8. g5 Ne8
9. h4 Nc7 10. Be3 Re8 11. Qd2 d5 12. Nxe5 Nxe5 13. dxe5 Bb4 14. f4 dxe4 15. Qxd8
Rxd8 16. Kf2 Bf5 17. Bc4 Bxc3 18. bxc3 Nd5 19. Ra3 Rd7 20. Rb1 b6 21. Be2 Rad8
22. c4 Nxe3 23. Kxe3 Rd2 24. Rc3 c5 25. a5 bxa5 26. Ra1 R2d7 27. Rxa5 Rc7 28.
Rca3 Rdd7 29. Rb5 h6 30. Raa5 hxg5 31. hxg5 Rb7 32. Ra6 g6 33. Rc6 Kg7 34. Rcxc5
a6 35. Rb3 Ra7 36. Ra5 Rdc7 37. c5 Be6 38. Rb6 Ra8 39. Rbxa6 Rac8 40. Kd4 Rd8+
41. Rd6 Rdc8 42. Bb5 Bf5 43. Ba4 e3 44. Kxe3 Rxc5 45. Rxc5 Rxc5 46. Kd4 Rc8 47.
c4 Be6 48. Bb5 Rb8 49. Kc3 Kf8 50. Kb4 Ke7 51. Rd4 Rc8 52. c5 Rb8 53. c6 Bc8 54.
Kc5 Be6 55. c7 Rc8 56. Kc6 1-0

[Event "Titled Tue 1st Jul Late"]
[Site "chess.com INT"]
[Date "2025.07.01"]
[Round "6"]
[White "Amar, Elham"]
[Black "Niemann, Hans Moke"]
[Result "0-1"]
[WhiteTitle "GM"]
[BlackTitle "GM"]
[WhiteElo "2589"]
[BlackElo "2736"]
[WhiteFideId "1533533"]
[BlackFideId "2093596"]
[EventDate "2025.07.01"]

1. e4 e5 2. Nc3 Nc6 3. Bc4 Nf6 4. d3 Na5 5. Bb3 c6 6. f4 exf4 7. e5 Nxb3 8. axb3
d5 9. exf6 Qxf6 10. Nf3 g5 11. O-O Be6 12. d4 Bg7 13. Na4 O-O 14. Nc5 Bg4 15. c3
b6 16. Nd3 Qf5 17. Nf2 Bh5 18. Qd3 Qxd3 19. Nxd3 f6 20. Bd2 a5 21. Rfe1 Bg6 22.
Nf2 Rfe8 23. b4 axb4 24. Rxa8 Rxa8 25. cxb4 Ra2 26. Bc3 Kf7 27. h3 h5 28. Rc1
Bf5 29. Ne1 Bf8 30. Ned3 Bd6 31. b5 cxb5 32. Bb4 Bxb4 33. Nxb4 Rxb2 34. Rc7+ Ke6
35. Rc6+ Kd7 36. Rxf6 Be4 37. Nc6 b4 38. Ne5+ Kc7 39. Rf7+ Kc8 40. Nxe4 dxe4 41.
d5 Rd2 42. Nc4 e3 43. Kf1 b3 44. Nxb6+ Kd8 45. d6 Rxd6 46. Nc4 Rd1+ 47. Ke2 b2
48. Nxb2 Rd2+ 49. Kf1 Rxb2 50. h4 Rb1+ 51. Ke2 Rg1 52. hxg5 Rxg2+ 53. Ke1 Rg4
54. g6 Ke8 55. Rb7 f3 0-1

[Event "Titled Tue 1st Jul Late"]
[Site "chess.com INT"]
[Date "2025.07.01"]
[Round "6"]
[White "Mardov, Dimitar"]
[Black "Manvelyan, Mikayel"]
[Result "1/2-1/2"]
[WhiteTitle "IM"]
[BlackTitle "FM"]
[WhiteElo "2506"]
[BlackElo "2362"]
[WhiteFideId "30919495"]
[BlackFideId "13310143"]
[EventDate "2025.07.01"]

1. Nf3 d5 2. b3 Nf6 3. Bb2 e6 4. g3 Be7 5. Bg2 O-O 6. O-O c5 7. e3 Nc6 8. Ne5
Nxe5 9. Bxe5 Nd7 10. Bb2 Bf6 11. Qc1 b6 12. c4 Bb7 13. Bxf6 Nxf6 14. Nc3 Qd7 15.
cxd5 Nxd5 16. Ne4 Nb4 17. a3 Nd3 18. Qc3 Rad8 19. b4 f5 20. Ng5 Bxg2 21. Kxg2 h6
22. Nh3 Qd5+ 23. f3 cxb4 24. axb4 Rc8 25. Qa3 Rc2 26. Rad1 Ra2 27. Qc3 Nb2 28.
Ra1 Na4 29. Qc7 Rxa1 30. Rxa1 Qxd2+ 31. Nf2 Qxb4 32. Qxa7 Nc5 33. Qe7 Qb2 34.
Rd1 Qe2 35. Qd6 Qxe3 36. Qxb6 Ra8 37. Rd3 Qe5 38. Rd2 Rb8 39. Qa5 Nd3 40. Qxe5
Nxe5 41. Re2 Nc4 42. Rxe6 Rb2 43. h4 Kf7 44. Re1 Kf6 45. Kg1 Nd2 46. Kg2 g5 47.
hxg5+ hxg5 48. Nd3 Rc2 49. Re2 Ra2 50. Nc5 Rb2 51. Nd3 Ra2 52. Ne5 Rb2 53. Nd7+
Kf7 54. Ne5+ Kf6 55. Nd3 Ra2 1/2-1/2

[Event "Titled Tue 1st Jul Late"]
[Site "chess.com INT"]
[Date "2025.07.01"]
[Round "6"]
[White "Sturt, Raven"]
[Black "Shankland, Sam"]
[Result "0-1"]
[WhiteTitle "GM"]
[BlackTitle "GM"]
[WhiteElo "2459"]
[BlackElo "2666"]
[WhiteFideId "2007304"]
[BlackFideId "2004887"]
[EventDate "2025.07.01"]

1. f4 g6 2. Nf3 Bg7 3. e4 c5 4. c3 d5 5. Bb5+ Bd7 6. Bxd7+ Qxd7 7. d3 Nc6 8. O-O
e6 9. Be3 b6 10. Bf2 Nge7 11. Nbd2 O-O 12. Qe2 Rae8 13. a3 e5 14. fxe5 Nxe5 15.
Nxe5 Bxe5 16. Nf3 Bg7 17. Qc2 Nc6 18. Rae1 dxe4 19. dxe4 Qe6 20. Qa4 Re7 21. Bh4
Rd7 22. Rd1 h6 23. Rxd7 Qxd7 24. Rd1 Qb7 25. Qc4 Re8 26. Rd6 Na5 27. Qd5 Rxe4
28. Rd8+ Kh7 29. Qxb7 Nxb7 30. Rd7 Na5 31. Rxf7 Kg8 32. Rxa7 Nc4 33. Bd8 Re8 34.
Bc7 b5 35. b3 Ne3 36. Bb6 c4 37. Bxe3 Rxe3 38. bxc4 bxc4 39. Rc7 Rxc3 40. a4
Rc1+ 41. Kf2 c3 42. Rc8+ Kh7 43. Rc7 Ra1 44. Nd4 Kg8 45. Rc8+ Kf7 46. Rc7+ Kf6
47. Rxc3 Rxa4 48. Rf3+ Ke7 49. Ne2 Ra2 50. Ke3 h5 51. Nf4 Bh6 52. h4 Ra4 53. g3
Kf6 54. Ke2 Ra2+ 55. Ke3 Kf5 56. Rf1 Ra4 57. Rf2 Bxf4+ 58. gxf4 Re4+ 59. Kd3
Rxf4 60. Rg2 Rxh4 0-1

[Event "Titled Tue 1st Jul Late"]
[Site "chess.com INT"]
[Date "2025.07.01"]
[Round "6"]
[White "Itkis, Boris"]
[Black "Mizzi, Jack"]
[Result "0-1"]
[WhiteTitle "IM"]
[BlackTitle "CM"]
[WhiteElo "2270"]
[BlackElo "2107"]
[WhiteFideId "1209167"]
[BlackFideId "5602521"]
[EventDate "2025.07.01"]

1. e4 c6 2. d4 d5 3. e5 c5 4. dxc5 e6 5. Nf3 Bxc5 6. a3 Ne7 7. b4 Bb6 8. Bd3 Ng6
9. Bb2 Nc6 10. O-O O-O 11. Nbd2 a5 12. b5 Nce7 13. Re1 Bd7 14. Nb3 a4 15. Nbd4
Rc8 16. h4 Ba5 17. Rf1 Nf4 18. g3 Nxd3 19. Qxd3 h6 20. Kg2 Qc7 21. Rad1 Bc3 22.
Bc1 Qc4 23. Qe3 Bxb5 24. Nxb5 Qxb5 25. g4 Rc4 26. Kh3 Ng6 27. Rg1 Nf4+ 28. Kh2
Qc6 29. Nd2 Bxd2 30. Bxd2 Re4 31. Qf3 Ng6 32. Kh3 Nxe5 33. Qg3 Rxg4 34. Qxe5 f5
35. Bc3 Rf7 36. Kh2 Rxh4+ 37. Kg3 Qc4 38. f4 Rg4+ 39. Kh3 h5 40. Rxg4 hxg4+ 41.
Kg3 Rc7 42. Qxe6+ Rf7 43. Qe5 Rc7 44. Qxd5+ Qxd5 45. Rxd5 Rxc3+ 46. Kh4 g6 47.
Kg5 Kf7 48. Rd7+ Ke6 49. Rxb7 Rxc2 50. Ra7 g3 51. Ra6+ Kd5 52. Rxa4 g2 53. Kf6
g1=Q 54. Ra5+ Rc5 55. Ra6 Qd4+ 56. Kxg6 Rc6+ 57. Rxc6 Kxc6 58. a4 Qxa4 59. Kxf5
Kd6 60. Kg6 Qxf4 0-1

[Event "Titled Tue 1st Jul Late"]
[Site "chess.com INT"]
[Date "2025.07.01"]
[Round "6"]
[White "Wu, Derek"]
[Black "Kocharin, Timur"]
[Result "0-1"]
[WhiteTitle "FM"]
[BlackTitle "FM"]
[WhiteElo "2232"]
[BlackElo "2304"]
[WhiteFideId "30914558"]
[BlackFideId "16240936"]
[EventDate "2025.07.01"]

1. e4 c6 2. d4 d5 3. e5 Bf5 4. c4 e6 5. Nc3 Ne7 6. h3 h6 7. Nf3 dxc4 8. Bxc4 Nd7
9. O-O Nb6 10. Bd3 Qd7 11. Ne4 Ng6 12. g4 Bxe4 13. Bxe4 Nd5 14. Bxg6 fxg6 15.
Qd3 Qf7 16. Nh4 g5 17. Ng2 Be7 18. f4 gxf4 19. Nxf4 O-O 20. Bd2 Nxf4 21. Rxf4
Qe8 22. Qc4 Qd7 23. Raf1 Rxf4 24. Bxf4 Rf8 25. Be3 Rxf1+ 26. Kxf1 a6 27. Ke2 Bd8
28. Qb3 Kf7 29. Kd3 Be7 30. a4 Ke8 31. Qb6 Bd8 32. Qb3 Ba5 33. h4 Qf7 34. Ke4
Kd8 35. h5 Kc8 36. Bf4 Qg8 37. Ke3 g6 38. Kf3 gxh5 39. gxh5 Qf7 40. Ke4 Bd8 41.
Qh3 Kd7 42. Qg4 Bb6 43. Qg6 Qf8 44. Bxh6 Qf2 45. Be3 Qc2+ 46. Kf4 Qh2+ 47. Kg5
Qg3+ 48. Kf6 Qxe3 49. h6 Bxd4 50. Qf7+ Kd8 51. Qf8+ Kc7 52. Qd6+ Kb6 53. h7 Qh6+
54. Kf7 Qxh7+ 55. Ke8 Qg8+ 56. Ke7 Bc5 57. a5+ Kb5 58. Kd7 Qf7+ 59. Qe7 Qxe7+ 0-1

[Event "Titled Tue 1st Jul Late"]
[Site "chess.com INT"]
[Date "2025.07.01"]
[Round "6"]
[White "Borges, Wagner da Silva"]
[Black "Bucci, Andrea"]
[Result "1-0"]
[WhiteTitle "CM"]
[WhiteElo "2062"]
[BlackElo "1526"]
[WhiteFideId "2100401"]
[BlackFideId "28546890"]
[EventDate "2025.07.01"]

1. d4 Nf6 2. Nf3 g6 3. c4 Bg7 4. Nc3 O-O 5. e4 d6 6. Be2 Nbd7 7. Bg5 c5 8. Qd2
cxd4 9. Nxd4 Qb6 10. O-O-O Nc5 11. f3 a5 12. Bh6 a4 13. h4 a3 14. b3 Nh5 15.
Bxg7 Nxg7 16. h5 e5 17. Ndb5 Be6 18. Qh6 gxh5 19. g4 Ra6 20. gxh5 f6 21. Rhg1
Rf7 22. Rxd6 Nxb3+ 23. axb3 Qxg1+ 24. Kc2 Rxd6 25. Nxd6 Rd7 26. Ncb5 Qa1 27.
Qxf6 Qb2+ 28. Kd3 Qxb3+ 29. Kd2 Qb4+ 30. Kc1 Qb2+ 31. Kd1 a2 32. Ke1 a1=Q+ 33.
Kf2 Qxe2+ 34. Kxe2 Qb2+ 35. Ke3 Qb3+ 36. Kf2 Bxc4 37. Qxe5 Bxb5 38. Nxb5 Rd2+
39. Kg3 Rd3 40. Qb8+ Kf7 41. Qxb7+ Kf8 42. Qb8+ Ne8 43. Qf4+ Ke7 44. Qe5+ Kd7
45. Nd4 Rxd4 46. Qxd4+ Nd6 47. e5 Qg8+ 48. Kh4 Qd8+ 49. Kh3 Qg5 50. Qxd6+ Ke8
51. Qe6+ Kd8 52. Qf6+ Qxf6 53. exf6 Ke8 54. Kg4 Kf7 55. Kf4 Kxf6 56. Ke4 Kg5 57.
f4+ Kxh5 58. Ke5 Kg6 59. Ke6 Kg7 60. Ke7 h6 61. f5 h5 62. f6+ Kg6 63. f7 Kg5 64.
f8=Q Kh4 65. Qg7 Kh3 66. Qg5 h4 67. Ke6 Kh2 68. Qxh4+ Kg1 69. Qg3+ Kh1 70. Qd3
Kg1 71. Kf5 Kg2 72. Kg4 Kf2 73. Qd2+ Kf1 74. Kg3 Kg1 75. Qd1# 1-0

[Event "Titled Tue 1st Jul Late"]
[Site "chess.com INT"]
[Date "2025.07.01"]
[Round "6"]
[White "Reinecke, Katharina"]
[Black "Gutierrez Carmona, Juan Alejandro"]
[Result "1-0"]
[WhiteTitle "WCM"]
[BlackTitle "FM"]
[WhiteElo "1921"]
[BlackElo "2036"]
[WhiteFideId "12929727"]
[BlackFideId "5106770"]
[EventDate "2025.07.01"]

1. d4 f5 2. Nf3 e6 3. c4 b6 4. g3 Bb7 5. Bg2 Nf6 6. O-O Be7 7. b3 d6 8. Nc3 O-O
9. Bg5 h6 10. Bd2 Nbd7 11. e3 c5 12. Nb5 a6 13. Nc3 Rc8 14. Qe2 Ne4 15. Rfd1
Nxd2 16. Rxd2 Nf6 17. dxc5 bxc5 18. Rad1 Qc7 19. Nh4 Ne4 20. Nxe4 fxe4 21. Ng6
Rfd8 22. Nxe7+ Qxe7 23. Qg4 d5 24. Qg6 Qf7 25. Qxf7+ Kxf7 26. Bh3 Rc7 27. Kf1
Ba8 28. Ke2 a5 29. Bg4 Ra7 30. cxd5 exd5 31. f3 exf3+ 32. Bxf3 Ke6 33. e4 d4 34.
e5 Bxf3+ 35. Kxf3 Kxe5 36. Re2+ Kd5 37. Rde1 Rf7+ 38. Kg4 Rdf8 39. Re5+ Kd6 40.
Re6+ Kd7 41. R6e5 h5+ 42. Rxh5 Kc6 43. Ree5 Kb5 44. Rxc5+ Kb6 45. Rxa5 Rd7 46.
Rhb5+ Kc6 47. Rc5+ Kb6 48. Rab5+ Ka6 49. Ra5+ Kb7 50. Rcb5+ Kc7 51. Ra7+ Kc6 52.
Rxd7 Kxb5 53. Rxd4 Rf2 54. a4+ Kc5 55. Rc4+ Kd5 56. h4 Ke5 57. Rc7 Rb2 58. Rxg7
Rxb3 59. Rg5+ Kf6 60. a5 Rb4+ 61. Kh3 Ra4 62. Rc5 Ra1 63. h5 Kg7 64. Kg4 Ra4+
65. Kg5 Ra3 66. g4 Ra4 67. h6+ Kh7 68. Rc7+ Kg8 69. Rc5 Rb4 70. a6 Rb6 71. Ra5
Rb8 72. a7 Ra8 73. Kg6 Kh8 74. g5 Kg8 75. Kh5 Kh7 76. g6+ Kh8 77. g7+ Kg8 78.
Ra6 Kh7 79. Kg5 Kg8 80. Kf5 Kh7 81. Ke5 Kg8 82. Kd5 Re8 83. a8=Q Rxa8 84. Rxa8+ 1-0

[Event "Titled Tue 1st Jul Late"]
[Site "chess.com INT"]
[Date "2025.07.01"]
[Round "6"]
[White "Gogolev, Artem"]
[Black "Rustamov, Rustam"]
[Result "1/2-1/2"]
[WhiteTitle "IM"]
[BlackTitle "FM"]
[WhiteElo "2240"]
[BlackElo "2334"]
[WhiteFideId "4116615"]
[BlackFideId "13440110"]
[EventDate "2025.07.01"]

1. d4 Nf6 2. Nf3 d5 3. c4 e6 4. g3 Be7 5. Bg2 O-O 6. O-O dxc4 7. Qc2 a6 8. a4
Nc6 9. Rd1 Nb4 10. Qxc4 b5 11. Qb3 Bb7 12. Nc3 bxa4 13. Qxa4 a5 14. Bg5 Bc6 15.
Qb3 h6 16. Bxf6 Bxf6 17. e3 Rb8 18. Rxa5 Nd3 19. Qc4 Bxf3 20. Rxd3 Bxg2 21. Kxg2
Rxb2 22. Ne4 Be7 23. Qc6 Bb4 24. Rb5 Qa8 25. Qxa8 Rxa8 26. Rd1 f5 27. Nc5 Raa2
28. Nd3 Rd2 29. Rxd2 Bxd2 30. Rb2 Rxb2 31. Nxb2 Kf7 32. Nd3 Ke7 33. Kf3 Kd6 34.
h4 g5 35. hxg5 hxg5 36. Ke2 Ba5 37. Ne5 Kd5 38. Kd3 c5 39. Nc4 Be1 40. f4 g4 41.
dxc5 Bxg3 42. Ne5 Kxc5 43. Ng6 Be1 44. e4 Bf2 45. exf5 exf5 46. Ne7 g3 47. Ke2
Kd4 48. Nxf5+ Ke4 49. Nxg3+ Bxg3 50. f5 Be5 51. f6 Bd6 52. f7 Bf8 53. Kf1 Kf5
54. Kg2 Kf6 55. Kf1 Ke6 56. Ke2 Kf6 57. Kd2 Kg6 58. Kd1 Kg5 59. Kc2 Kf5 60. Kb3
Kf6 61. Kc4 Ke6 62. Kc3 Ke7 63. Kc2 Bg7 64. Kd1 Kf8 65. Ke1 Bf6 66. Kf2 Be7 67.
Kf1 Bd6 68. Ke2 Be7 69. Ke1 Bd6 70. Kd1 Be7 71. Ke2 Ba3 72. Kd3 Bd6 73. Kc2 Bc7
74. Kd1 Bb8 75. Ke2 Be5 76. Kd3 Bf4 77. Kc2 Bh6 78. Kd1 Bg5 79. Ke2 Bf6 80. Kd3
Bg5 81. Kc2 Bh6 82. Kd1 Bg7 83. Ke2 Bf6 84. Kd3 Bg7 85. Kc2 Bh6 1/2-1/2

[Event "Titled Tue 1st Jul Late"]
[Site "chess.com INT"]
[Date "2025.07.01"]
[Round "6"]
[White "Lisenkov, Svyatoslav"]
[Black "Ambartsumian, Tyhran"]
[Result "1-0"]
[WhiteTitle "CM"]
[BlackTitle "CM"]
[WhiteElo "2283"]
[BlackElo "2244"]
[WhiteFideId "34264183"]
[BlackFideId "34161112"]
[EventDate "2025.07.01"]

1. e4 e5 2. Nf3 Nc6 3. g3 Nf6 4. d3 Bc5 5. Bg2 O-O 6. O-O h6 7. Nxe5 Nxe5 8. d4
Qe7 9. dxc5 Qxc5 10. Nc3 d6 11. Be3 Qb4 12. a3 Qxb2 13. Bd4 c5 14. Rb1 Qxa3 15.
Nb5 Qa5 16. Bc3 Qd8 17. Nxd6 Qe7 18. f4 Nfg4 19. fxe5 Ne3 20. Qf3 Nxg2 21. Qxg2
b6 22. Nf5 Qe8 23. e6 f6 24. e7 Rf7 25. Nd6 Qxe7 26. Nxf7 Qxf7 27. Rbd1 Ba6 28.
Rf2 Qc4 29. Qf3 Re8 30. Bxf6 gxf6 31. Qxf6 Qe6 32. Qxe6+ Rxe6 33. Rd7 Bc4 34.
Rxa7 Rxe4 35. Rd2 Re8 36. Rd6 h5 37. Rxb6 Re1+ 38. Kf2 Rf1+ 39. Kg2 Rf8 40. Rg6+
Kh8 41. Rh6+ Kg8 42. Rxh5 Be2 43. Rg5+ Kh8 44. h4 Bf3+ 45. Kh2 c4 46. h5 Be4 47.
c3 Rf2+ 48. Kh3 Rf8 49. h6 Bd3 50. Kh4 Rf1 51. Rgg7 Rf8 52. g4 Bc2 53. g5 Bd1
54. g6 Rf4+ 55. Kg3 Rf3+ 56. Kg2 Rf8 57. Rh7+ 1-0

[Event "Titled Tue 1st Jul Late"]
[Site "chess.com INT"]
[Date "2025.07.01"]
[Round "6"]
[White "Rees, Ioan"]
[Black "Damaraju, Ashwin"]
[Result "1/2-1/2"]
[WhiteTitle "FM"]
[WhiteElo "2280"]
[BlackElo "2084"]
[WhiteFideId "1801236"]
[BlackFideId "39908348"]
[EventDate "2025.07.01"]

1. Nf3 Nf6 2. g3 g6 3. b3 Bg7 4. Bb2 O-O 5. Bg2 c5 6. c4 d6 7. d4 d5 8. cxd5
Nxd5 9. O-O Nc6 10. e4 Nc7 11. e5 Bg4 12. dxc5 Qxd1 13. Rxd1 Nxe5 14. Bxe5 Bxe5
15. Nxe5 Bxd1 16. Bxb7 Rad8 17. Nc3 Bc2 18. Rc1 Bf5 19. g4 Be6 20. Ne4 f6 21.
Nc6 Rd7 22. Nxa7 Bxg4 23. a4 Bh3 24. Bc8 Rd4 25. Bxh3 Rxe4 26. Nb5 Na6 27. c6 f5
28. Bg2 Rb4 29. c7 Rc8 30. Bb7 Rxc7 31. Nxc7 Rxb7 32. Nxa6 Rxb3 33. Ra1 Kf7 34.
Nc5 Rc3 35. Nb7 Rb3 36. Nd8+ Ke8 37. Nc6 Kd7 38. Nd4 Rd3 39. Ne2 e5 40. Kf1 e4
41. Nc1 Rd6 42. Nb3 Kc6 43. a5 Kb5 44. a6 Rxa6 45. Rxa6 Kxa6 46. Nd4 Kb6 47. Ne6
Kc6 48. Nf8 Kd6 49. Nxh7 Ke7 50. Ng5 Kf6 51. h4 Ke5 52. Ke2 Kf4 53. Ne6+ Kg4 54.
Ke3 Kxh4 55. Kf4 Kh3 56. Nf8 Kg2 57. Ke3 f4+ 58. Kxf4 Kxf2 59. Kxe4 g5 60. Kf5
g4 61. Kxg4 1/2-1/2

[Event "Titled Tue 1st Jul Late"]
[Site "chess.com INT"]
[Date "2025.07.01"]
[Round "6"]
[White "Novosel, Lovro"]
[Black "Tang, Zoey"]
[Result "0-1"]
[WhiteTitle "FM"]
[BlackTitle "FM"]
[WhiteElo "2338"]
[BlackElo "2356"]
[WhiteFideId "14547120"]
[BlackFideId "30952530"]
[EventDate "2025.07.01"]

1. Nf3 Nf6 2. g3 g6 3. Bg2 Bg7 4. O-O O-O 5. c4 c6 6. d4 d5 7. Qb3 dxc4 8. Qxc4
Bf5 9. Nc3 Nbd7 10. Qb3 Qb6 11. Qxb6 Nxb6 12. a4 a5 13. Ne5 Nbd5 14. Nxd5 cxd5
15. Bg5 Rac8 16. Rfc1 h6 17. Bxf6 exf6 18. Nf3 Rc6 19. Rxc6 bxc6 20. Nd2 Rb8 21.
b3 Bd7 22. Rc1 f5 23. e3 Bf8 24. Bf1 f6 25. Bd3 Bb4 26. Nf3 Ba3 27. Rb1 Kf7 28.
h4 Ke6 29. h5 g5 30. Ne1 Bd6 31. Kf1 f4 32. gxf4 gxf4 33. Ke2 fxe3 34. fxe3 c5
35. dxc5 Bxc5 36. Nf3 Kd6 37. Bg6 f5 38. Nd4 Bxd4 39. exd4 Bxa4 40. Ra1 Bxb3 41.
Rxa5 Bc4+ 42. Ke3 Rb3+ 43. Kf4 Rd3 44. Kxf5 Rxd4 45. Kf6 Rf4+ 46. Kg7 d4 47. Ra4
Bb5 48. Rb4 Kc5 49. Rb1 d3 50. Rc1+ Kd4 51. Kxh6 d2 52. Rb1 Be2 53. Kg5 Rf1 54.
Rb4+ Kc3 55. Rb7 d1=Q 56. Rc7+ Kb4 57. Rb7+ Bb5 58. Kh6 Qd2+ 59. Kh7 Qd5 60. Rb8
Ka5 61. h6 Bd3 0-1

[Event "Titled Tue 1st Jul Late"]
[Site "chess.com INT"]
[Date "2025.07.01"]
[Round "6"]
[White "Kodihalli, Kaustubh"]
[Black "Holinka, Henning"]
[Result "1-0"]
[BlackTitle "FM"]
[WhiteElo "2038"]
[BlackElo "2303"]
[WhiteFideId "30956455"]
[BlackFideId "12967084"]
[EventDate "2025.07.01"]

1. e4 c5 2. Nf3 e6 3. d4 cxd4 4. Nxd4 Bc5 5. Nb3 Bb6 6. c4 Nc6 7. Nc3 Nge7 8.
Be2 O-O 9. O-O f5 10. exf5 Nxf5 11. h3 Qh4 12. c5 Bc7 13. Nb5 Be5 14. Nd6 Nxd6
15. cxd6 b6 16. Bf3 Bb7 17. Qe2 Qf6 18. Rd1 a5 19. Re1 Ba6 20. Qe3 Nb4 21. Qxe5
Rac8 22. Qxf6 Rxf6 23. Be4 e5 24. Bg5 Rxd6 25. Rad1 Rxd1 26. Rxd1 a4 27. Nd2
Nxa2 28. Bd5+ Kf8 29. Bxa2 Be2 30. Re1 Bd3 31. Rxe5 Rc2 32. Be7+ Ke8 33. Ba3+
Kd8 34. Nf3 Rc1+ 35. Kh2 g6 36. Bd5 Bf5 37. Bd6 Bd3 38. Bf7 Kc8 39. Re8+ Kb7 40.
Bd5+ Ka6 41. Nd4 b5 42. Re7 h5 43. Rxd7 h4 44. Nf3 Bf5 45. Rd8 Rd1 46. Bf4 Kb6
47. Rb8+ Ka7 48. Ra8+ Kb6 49. Be3+ Kc7 50. Bf7 Rd7 51. Bg8 Kc6 52. Ne5+ Kd6 53.
Nxd7 Bxd7 54. Bg5 b4 55. Bxh4 Bc6 56. Ra6 Kc7 57. Rxc6+ Kxc6 58. Be7 Kb5 59.
Bxb4 Kxb4 60. Kg3 Kc5 61. Kg4 Kd4 62. Kg5 Kd3 63. Kxg6 a3 64. bxa3 Kc3 65. h4
Kd4 66. h5 Kc5 67. h6 Kb6 68. h7 Ka5 69. h8=Q Kb6 70. Qd4+ Kc7 71. Qc5+ Kb7 72.
Bd5+ Kb8 73. Qb6+ Kc8 74. Be6# 1-0

[Event "Titled Tue 1st Jul Late"]
[Site "chess.com INT"]
[Date "2025.07.01"]
[Round "6"]
[White "Santos, Antonio P"]
[Black "Ibarra Carlos Roberto"]
[Result "1-0"]
[WhiteTitle "FM"]
[BlackTitle "FM"]
[WhiteElo "2165"]
[BlackElo "2116"]
[WhiteFideId "1900161"]
[BlackFideId "6707173"]
[EventDate "2025.07.01"]

1. d4 Nf6 2. c4 e6 3. g3 b6 4. Bg2 d5 5. Nc3 Bb7 6. Nf3 Be7 7. O-O O-O 8. Ne5
Nbd7 9. Qa4 Nxe5 10. dxe5 Nd7 11. cxd5 exd5 12. Nxd5 Bxd5 13. Bxd5 Nc5 14. Qd1
Rc8 15. Bf4 c6 16. Bf3 Qxd1 17. Rfxd1 Rfd8 18. Rxd8+ Bxd8 19. Rd1 Ne6 20. Be3 c5
21. Bg4 Kf8 22. Bxe6 fxe6 23. f4 Ke7 24. Kf2 h6 25. Bd2 Rc7 26. Bc3 g6 27. e4
Rd7 28. Rxd7+ Kxd7 29. g4 Bh4+ 30. Kf3 Ke7 31. f5 Kf7 32. Bd2 h5 33. h3 hxg4+
34. hxg4 Bd8 35. a4 Bc7 36. Bc3 Bd8 37. Kf4 Be7 38. Ke3 a6 39. Kd3 b5 40. axb5
axb5 41. b3 Bd8 42. Bd2 Be7 43. Be3 Bf8 44. Ke2 Be7 45. Kf3 Bf8 46. Kg3 Bg7 47.
Bxc5 Bxe5+ 48. Kf3 Bc3 49. Be3 Be5 50. Bf4 Bd4 51. Kg3 Bc3 52. Kh4 Bb2 53. fxe6+
Kxe6 54. Kg5 Kf7 55. Kh6 Bg7+ 56. Kh7 Bf8 57. e5 Be7 58. g5 Bf8 59. e6+ Kxe6 60.
Kxg6 Kd5 61. Bd2 Ke6 62. Kh7 Kf7 63. g6+ Kf6 64. g7 Bxg7 65. Bc3+ Kf5 66. Bxg7
b4 67. Bf8 Ke4 68. Bxb4 Kd3 69. Ba3 Kc3 70. b4 Kc4 71. Kg6 Kb3 72. Kf5 Ka4 73.
Ke4 Kxa3 74. b5 Kb4 75. b6 1-0

[Event "Titled Tue 1st Jul Late"]
[Site "chess.com INT"]
[Date "2025.07.01"]
[Round "6"]
[White "Zhuravlev, Alexey"]
[Black "Dyachuk, Artem"]
[Result "0-1"]
[WhiteTitle "FM"]
[BlackTitle "FM"]
[WhiteElo "2359"]
[BlackElo "2374"]
[WhiteFideId "4164199"]
[BlackFideId "34107924"]
[EventDate "2025.07.01"]

1. e4 e5 2. Nc3 Nc6 3. g3 Bc5 4. Bg2 d6 5. Nge2 Nf6 6. O-O O-O 7. Na4 Bb6 8.
Nxb6 axb6 9. d3 Be6 10. f4 d5 11. f5 Bc8 12. Bg5 h6 13. exd5 Nd4 14. Bxf6 Qxf6
15. Nxd4 exd4 16. Qg4 Re8 17. a3 Bd7 18. Rf2 Re3 19. Raf1 Rae8 20. Be4 Re5 21.
Qf4 c5 22. c4 b5 23. b3 bxc4 24. bxc4 b5 25. Bg2 bxc4 26. dxc4 Rxa3 27. g4 Rae3
28. Ra1 Re8 29. Ra7 Bc8 30. d6 Re1+ 31. Rf1 Rxf1+ 32. Kxf1 d3 33. d7 Bxd7 34.
Rxd7 Qc3 35. Be4 Qxc4 36. f6 Rxe4 37. Rd8+ Kh7 38. Qb8 d2+ 39. Kg2 Rxg4+ 40. Kh3
Rh4+ 41. Kg3 Qg4+ 42. Kf2 Qf5+ 43. Ke2 Qxf6 44. Kxd2 Rd4+ 45. Rxd4 Qxd4+ 46. Kc2
Qe4+ 47. Kc3 f6 48. Qc8 Qe5+ 49. Kc4 Qd4+ 50. Kb5 Qd3+ 51. Ka4 Qe4+ 52. Kb5 c4
53. Kb4 Qd4 54. Qf5+ g6 55. Qc8 h5 56. Qc7+ Kh6 57. Qf7 c3+ 58. Kb3 Kg5 0-1

[Event "Titled Tue 1st Jul Late"]
[Site "chess.com INT"]
[Date "2025.07.01"]
[Round "6"]
[White "Dauer, Andre Leonardo"]
[Black "Sarquis, Maria Belen"]
[Result "0-1"]
[WhiteTitle "CM"]
[BlackTitle "WIM"]
[WhiteElo "2138"]
[BlackElo "2156"]
[WhiteFideId "2126915"]
[BlackFideId "111805"]
[EventDate "2025.07.01"]

1. e4 e5 2. Nf3 Nc6 3. d4 exd4 4. Bc4 Nf6 5. e5 d5 6. Bb5 Ne4 7. Nxd4 Bd7 8. O-O
Nxd4 9. Bxd7+ Qxd7 10. Qxd4 c5 11. Qd3 Be7 12. f3 Ng5 13. f4 Ne6 14. Nc3 Nd4 15.
Be3 Qc6 16. Kh1 Rd8 17. Bxd4 cxd4 18. Qxd4 Bc5 19. Qa4 O-O 20. Qxc6 bxc6 21.
Rad1 Rb8 22. b3 Rb4 23. Na4 Be3 24. g3 g5 25. f5 Re8 26. Rde1 d4 27. c3 Rb5 28.
cxd4 Bxd4 29. e6 Be5 30. exf7+ Kxf7 31. g4 Rb4 32. h3 h5 33. Rg1 hxg4 34. hxg4
Rh8+ 35. Kg2 Rh2+ 36. Kf3 Rf4+ 37. Ke3 Rh3+ 38. Kd2 Rf2+ 39. Re2 Bf4+ 40. Ke1
Rff3 41. Nc5 Rc3 42. Ne4 Rc1+ 43. Kf2 Rxg1 44. Kxg1 Rh4 45. Rg2 Be3+ 46. Kf1
Rh1+ 47. Ke2 Bf4 48. Kd3 Rd1+ 49. Kc4 Re1 50. Kc5 Rxe4 51. Kxc6 Re7 52. Kd5 Kf6
53. Rc2 Rd7+ 54. Kc6 Re7 55. Rg2 Rh7 56. Kb5 Rh4 57. Ka6 Be3 58. b4 Ke5 59. a4
Kf4 60. b5 Bd4 61. a5 Rxg4 62. Rxg4+ Kxg4 63. f6 Bxf6 64. b6 axb6 65. axb6 Be5
66. b7 Kf3 67. Kb5 g4 68. Kc4 g3 69. Kd5 Bb8 70. Kc6 Kf2 71. Kd5 g2 72. Kc6 g1=Q
73. Kb5 Qg6 74. Kc5 Qd6+ 0-1

[Event "Titled Tue 1st Jul Late"]
[Site "chess.com INT"]
[Date "2025.07.01"]
[Round "6"]
[White "Assylov, Miras"]
[Black "Aaron, Deepak"]
[Result "0-1"]
[WhiteTitle "FM"]
[WhiteElo "2319"]
[BlackElo "2318"]
[WhiteFideId "13728873"]
[BlackFideId "2009412"]
[EventDate "2025.07.01"]

1. b3 e5 2. Bb2 Nc6 3. c4 g6 4. e3 Bg7 5. Nf3 Nge7 6. d4 exd4 7. exd4 O-O 8. h3
d5 9. c5 b6 10. cxb6 axb6 11. Be2 Nf5 12. O-O Re8 13. Bb5 Bd7 14. a4 Nd6 15. Na3
Nxb5 16. Nxb5 Na5 17. Nc3 c6 18. Bc1 Bf5 19. Be3 Be4 20. Nd2 c5 21. Ndxe4 dxe4
22. Nb5 Nc6 23. dxc5 Bxa1 24. Qxa1 bxc5 25. Bxc5 Qd5 26. Qc3 Qe5 27. Qc4 Na5 28.
Qb4 Nc6 29. Qc4 Rad8 30. b4 Qd5 31. Qxd5 Rxd5 32. Nc7 Rxc5 33. bxc5 Rc8 34. Nd5
Kg7 35. Rc1 Ra8 36. Rc4 f5 37. Kf1 Kf7 38. Ke2 Ra5 39. Nb6 Ke6 40. Ke3 g5 41. f3
exf3 42. gxf3 h5 43. f4 gxf4+ 44. Kxf4 Ne5 45. Rc3 Rxc5 46. Rxc5 Nd3+ 47. Kg5
Nxc5 48. Kxh5 Ke5 49. h4 Ke4 50. a5 f4 51. Nc4 Kd4 52. Nd2 Ke3 53. Nc4+ Kd4 54.
Nb2 f3 55. Nd1 Kd3 56. Kg4 Ke2 57. Nc3+ Ke3 58. Nd5+ Ke2 59. Nf4+ Ke3 60. Kg3
Ne4+ 61. Kh2 Kxf4 62. a6 f2 63. a7 f1=Q 64. a8=Q Qf2+ 65. Kh3 Qg3# 0-1